000 00283nam a22001217a 4500
008 171013b xxu||||| |||| 00| 0 eng d
041 _aeng
080 _22ND
_a316
100 _a50
101 _aSOC
245 _aFOUNDATIONS OF BEHAVIORAL RESEARCH
_cKERLINGER,F.N
942 _2udc
_cBK
999 _c33665
_d33665